000 00441nam a2200169Ia 4500
005 20240924034647.0
008 240331s9999 xx 000 0 und d
020 _a0563122447
082 _bBER
_a710
100 _aBerger, J
245 0 _aWays of seeing :
_bbased on the BBC television series
260 _aLondon
_bThe British Broadcasting Corporation
_c1972
300 _a166 p .,
650 _aArt
650 _aArchitecture
942 _cL
999 _c3086
_d3086